=LDR 00000nam 2200000 4500 =001 INLIS000000000038034 =005 20130612143730 =008 ***********************************ind** =035 ##$$0010-061300000038034 =041 ##$$a ind =082 ##$$a 813.083 =100 ##$$a burchard, Brendon =245 ##$$a Life's Golden Ticket =260 ##$$a 2008 $b jakarta =300 ##$$a 318 hlm =850 ##$$a NBPNMAT